000 00736nam a2200217 a 4500
001 24011
003 CO-ViMGA
008 141112s2004 ck r 000 u spa d
020 _a9789586826945
040 _aCO-ViMGA
_bspa
_cCO-ViMGA
082 0 4 _a371.9 N456
100 1 _aLucchini, Graciela
_934901
245 1 0 _aNiños con dificultades maestros preparados :
_bNiños con necesidades educativas especiales , como enfrentar el trabajo de aula /
_cGraciela Lucchini
260 _aColombia :
_bAlfaomega
300 _a4Vol.
650 1 4 _aVOL 1 NIÑOS CON DIFICULTADES
_934902
650 1 4 _aVOL 2 NIÑOS AGREVIOS
_934903
650 1 4 _aVOL 3 NIÑOS CON ESTRES
_934904
650 1 4 _aVOL 4 LENGUAJE Y DISLEXIAS
_934905
942 _2ddc
_cBK
999 _c32070
_d32070